002130000a2200061000450024500600000030000620006077300290012210aNetworks : The missing link in helping children at risk aVol. 76, Num. 4 (Octubre-Diciembre, 1996), Páginas 8-100 tLatin America Evangelist